000 00509nmm a2200169Ia 4500
008 251105s9999||||xx |||||||||||||||||und||
020 _a9788446026167
041 _aspa
100 _aAlba Rico, Santiago
245 0 _aCapitalismo y nihilismo :
_b Dialéctica del hambre y la mirada
264 _a[Madrid, España] :
_bAkal,
_c2007
300 _a272 páginas
490 _aNuestro Tiempo
650 _aPolitical Science (General)
856 _uhttps://public.digitaliapublishing.com/a/27945
942 _cCF
999 _c82821
_d82821